15 Largest Cities in Togo🇹🇬 - Statistics

General Stats
  • This quiz has been taken 13 times
  • The average score is 7 of 15
Answer Stats
Population City % Correct
749k Lome
100%
80k Atakpame
71%
104k Kara
71%
75k Kpalime
71%
117k Sokode
71%
47k Aneho
57%
22k Notse
57%
55k Tsevie
57%
61k Bassar
43%
33k Dapaong
43%
22k Bafilo
29%
37k Sansanne-Mango
14%
25k Tchamba
14%
24k Badou
0%
23k Niamtougou
0%
No matching quizzes found
Score Distribution
Percent of People with Each Score
Percentile by Number Answered
Your Score History
You have not taken this quiz